Summit : (Record no. 138874)

MARC details
000 -LEADER
fixed length control field 00507nam a22001817a 4500
005 - DATE AND TIME OF LATEST TRANSACTION
control field 20170413131127.0
010 ## - LCCN (DPL NO)
LC control number ENG-117765
020 ## - INTERNATIONAL STANDARD BOOK NUMBER
Terms of availability 350.00
International Standard Book Number 9789386224330
035 ## - SYSTEM CONTROL NUMBER
System control number EN-101297
037 ## - SOURCE OF ACQUISITION
Source of stock number/acquisition DBAD/PUB
082 ## - DEWEY DECIMAL CLASSIFICATION NUMBER
Classification number N
100 ## - MAIN ENTRY--PERSONAL NAME
Personal name Farthing, Harry
245 ## - TITLE STATEMENT
Title Summit :
Remainder of title a novel /
Statement of responsibility, etc by Harry Farthing
260 ## - PUBLICATION, DISTRIBUTION, ETC. (IMPRINT)
Place of publication, distribution, etc New Delhi
Name of publisher, distributor, etc Westland publications
Date of publication, distribution, etc 2013
270 ## - ADDRESS
Address 93,I floor, Sham Lal Road,Daryaganj
City New Delhi
Postal code 110002
300 ## - PHYSICAL DESCRIPTION
Extent xiii,632p.
Other physical details 20cm(pbk)
942 ## - ADDED ENTRY ELEMENTS (KOHA)
Source of classification or shelving scheme Dewey Decimal Classification
Item type English Books
Classification part N
Call number suffix FAR
Holdings
Withdrawn status Lost status Not for loan Collection code Home library Current library Date acquired Source of acquisition Cost, normal purchase price Full call number Barcode Copy number Cost, replacement price Koha item type
      Fiction Sarojini Nagar Sarojini Nagar 13/04/2017 DBAD/PUB 350.00 N FAR EN-101297 1 350.00 English Books

© Delhi Public Library
Hit Counter
free hit counter